| 000 | 01812nam a2200361 a 4500 | ||
|---|---|---|---|
| 100 | 1 |
_aГранитски, Иван _qДимитров, Иван Йорданов _d1953- _gЖурналист, литературен критик, теоретик и историк, поет, публицист и издател. _eпърви автор _955767 |
|
| 999 |
_c179474 _d179474 |
||
| 003 | BLK | ||
| 005 | 20240620005257.0 | ||
| 008 | 180411b bul|||||r ||||||| ||bul|| | ||
| 010 | _aKNG00188253000 | ||
| 020 | _a978-954-09-0976-9 | ||
| 040 | _aBLK | ||
| 041 |
_aBUL _cBUL |
||
| 072 | 7 |
_2bullib _aН8400 _xБългарска поезия Н |
|
| 080 |
_aБългарска литература _b821.163.2 _x-1 _z821.163.2-1 |
||
| 139 |
_aГранитски, Иван _bГ 77 |
||
| 245 | 1 | 0 |
_aУстие _cИван Гранитски; послесл. от Панко Анчев; худож. Стефан Марков. |
| 257 | _aBGR | ||
| 260 |
_aСофия _bЗахарий Стоянов _c2015 _fСофия : Д. Благоев |
||
| 300 |
_a88 с. _bс цв. ил. _c22 см |
||
| 380 | _aX | ||
| 500 | _aИван Гранитски - псевд. на Иван Йорданов Димитров. - Метафорите на свободата / Панко Анчев: с. 79-85. - Кн. е илюстрирана с рис. на: Стефан Марков | ||
| 659 | _aН | ||
| 700 | 1 |
_aАнчев, Панко Кирилов _d1946 - _gЛитературовед, историк, философ, публицист. _932971 |
|
| 700 | 1 |
_aМарков, Стефан _eхудож. _9367301 |
|
| 852 | _aЦб 280861 | ||
| 856 | 4 | _qpdf | |
| 856 | 4 | _qpdf | |
| 942 |
_cKNG _n0 _s1 |
||
| 944 |
_aCR _c07.06.2016 _k _lCRON CRON |
||
| 944 |
_aED _c22.06.2016 _kСимона_Петрова |
||
| 999 | _d179474 | ||